| 000 | 00657nam a2200253 a 4500 | ||
|---|---|---|---|
| 003 | AR-BaBNM | ||
| 005 | 20251128203128.0 | ||
| 008 | 082120s2002 ||||||||||||||000 | spa|| | ||
| 020 | _a950-9184-19-5 | ||
| 040 | _cAR-BaBNM | ||
| 245 | 0 | 0 | _aAntología de la paz |
| 260 |
_aBuenos Aires _bBuenos Aires Poesía _c1986 |
||
| 300 |
_a157 p. _bil. |
||
| 650 | 4 | _aLITERATURA ARGENTINA | |
| 650 | 4 | _aANTOLOGIAS | |
| 650 | 4 | _aESCRITORES | |
| 650 | 4 | _aPOESIA | |
| 650 | 4 | _aLITERATURA CONTEMPORANEA | |
| 655 | _aLITERATURA | ||
| 700 | 1 |
_aFreda, Teresa Carmen _eprologuista |
|
| 700 | 1 |
_aGrau, Nélida Violeta _eilustrador |
|
| 942 | _cBK | ||
| 998 | _cMARTIN | ||
| 999 |
_c2040 _d2040 |
||